Macroeconomía (Registro nro. 150)
[ vista simple ]
| 000 -LEADER | |
|---|---|
| fixed length control field | 01050 a2200253 4500 |
| 001 - CONTROL NUMBER | |
| control field | 235 |
| 005 - DATE AND TIME OF LATEST TRANSACTION | |
| control field | 20260407155416.0 |
| 008 - FIXED-LENGTH DATA ELEMENTS--GENERAL INFORMATION | |
| fixed length control field | 260407a2006 arg spa d |
| 003 - CONTROL NUMBER IDENTIFIER | |
| control field | AR-UNSa-BCEJYS |
| 040 ## - CATALOGING SOURCE | |
| Original cataloging agency | AR-UNSa-BCEJYS |
| Language of cataloging | spa |
| Transcribing agency | AR-UNSa-BCEJYS |
| 080 ## - UNIVERSAL DECIMAL CLASSIFICATION NUMBER | |
| Universal Decimal Classification number | 330.101.541 |
| Common auxiliary subdivision | Macroeconomía |
| 020 ## - INTERNATIONAL STANDARD BOOK NUMBER | |
| International Standard Book Number | 978-84-95348-34-0 |
| 100 1# - MAIN ENTRY--PERSONAL NAME | |
| Personal name | Mankiw, N. Gregory |
| 245 10 - TITLE STATEMENT | |
| Title | Macroeconomía |
| 250 ## - EDITION STATEMENT | |
| Edition statement | 6a. ed. |
| 264 #1 - PRODUCTION, PUBLICATION, DISTRIBUTION, MANUFACTURE, AND COPYRIGHT NOTICE | |
| Place of production, publication, distribution, manufacture | Barcelona : |
| Name of producer, publisher, distributor, manufacturer | Antoni Bosch |
| Date of production, publication, distribution, manufacture, or copyright notice | 2006 |
| 300 ## - PHYSICAL DESCRIPTION | |
| Extent | 826 p. |
| Dimensions | 24 cm. |
| 505 ## - FORMATTED CONTENTS NOTE | |
| Formatted contents note | 1. Introducción 2. La teoría clásica : la economía a largo plazo 3. La teoría del crecimiento: la economía a muy lñargo plazo 4. La teoría de los ciclos económicos: la economía a corto plazo 5. Los debates sobre la política económica 6. Mas sobre la microeconomía que subyace a la macroeconomía |
| 590 ## - LOCAL NOTE (RLIN) | |
| Local note | niveau_biblio:m niveau_hierar:0 |
| 700 1# - ADDED ENTRY--PERSONAL NAME | |
| Personal name | Rabasco, María Esther |
| 700 1# - ADDED ENTRY--PERSONAL NAME | |
| Personal name | Toharia Cortés, Luis |
| 856 41 - ELECTRONIC LOCATION AND ACCESS | |
| Uniform Resource Identifier | <a href="https://biblioeco.unsa.edu.ar/pmb/images/libros/Mankiw.jpg">https://biblioeco.unsa.edu.ar/pmb/images/libros/Mankiw.jpg</a> |
| Link text | Imagen de portada |
| Electronic format type | image/jpeg |
| 942 ## - ADDED ENTRY ELEMENTS (KOHA) | |
| Koha item type | |
| Withdrawn status | Lost status | Damaged status | Not for loan | Home library | Current library | Shelving location | Date acquired | Total checkouts | Full call number | Barcode | Date last seen | Price effective from | Koha item type | Public note |
|---|---|---|---|---|---|---|---|---|---|---|---|---|---|---|
| Biblioteca Prof. Eusebio Cleto del Rey | Biblioteca Prof. Eusebio Cleto del Rey | 07/04/2026 | 330.101.541 M278 6ed. | L117558 | 07/04/2026 | 07/04/2026 | Libro | |||||||
| Biblioteca Prof. Eusebio Cleto del Rey | Biblioteca Prof. Eusebio Cleto del Rey | 07/04/2026 | 330.101.541 M278 6ed. | L117559 | 07/04/2026 | 07/04/2026 | Libro | CANTO SUCIO MANCHADO - PARTIDO EN PÁG 448 - SUBRAYADO CON LÁPIZ - MANCHA EN PÁG 391 | ||||||
| Biblioteca Prof. Eusebio Cleto del Rey | Biblioteca Prof. Eusebio Cleto del Rey | 07/04/2026 | 330.101.541 M278 6ed. | L117560 | 07/04/2026 | 07/04/2026 | Libro | ABIERTO EN VARIAS PÁGINAS (MALA ENCUADERNACIÓN) - ESCRITO CON LÁPIZ - HOJAS 63 A 68 MANCHADAS | ||||||
| Biblioteca Prof. Eusebio Cleto del Rey | Biblioteca Prof. Eusebio Cleto del Rey | 07/04/2026 | 330.101.541 M278 6ed. | L117561 | 07/04/2026 | 07/04/2026 | Libro | HOJA 24 CON RAYA DE LAPICERA AZUL - TAPA ROTA - CANTO MANCHADO CON CELESTE - PARTIDO EN PÁG 224 - HOJAS MANCHADAS Y SUBRAYADAS CON LÁPIZ | ||||||
| Biblioteca Prof. Eusebio Cleto del Rey | Biblioteca Prof. Eusebio Cleto del Rey | 07/04/2026 | 330.101.541 M278 6ed. | L117562 | 07/04/2026 | 07/04/2026 | Libro | ABIERTO (MALA ENCUADERNACIÓN) - ESCRITO CON LÁPIZ - HOJAS CON MANCHAS |